<?xml version="1.0" encoding="UTF-8"?>
<record
    xmlns:xsi="http://www.w3.org/2001/XMLSchema-instance"
    xsi:schemaLocation="http://www.loc.gov/MARC21/slim http://www.loc.gov/standards/marcxml/schema/MARC21slim.xsd"
    xmlns="http://www.loc.gov/MARC21/slim">

  <leader>03463nam a2200493   4500</leader>
  <controlfield tag="001">13916</controlfield>
  <controlfield tag="003">http://catalogue.bnf.fr/ark:/12148/cb48546964f</controlfield>
  <controlfield tag="005">20250827152019.0</controlfield>
  <datafield tag="010" ind1=" " ind2=" ">
    <subfield code="a">9791094086995</subfield>
    <subfield code="d">15 EUR</subfield>
  </datafield>
  <datafield tag="073" ind1=" " ind2="0">
    <subfield code="a">9791094086995</subfield>
  </datafield>
  <datafield tag="090" ind1=" " ind2=" ">
    <subfield code="a">13916</subfield>
  </datafield>
  <datafield tag="099" ind1=" " ind2=" ">
    <subfield code="o">0</subfield>
  </datafield>
  <datafield tag="100" ind1=" " ind2=" ">
    <subfield code="a">20250704d2025    m  y0frey50      ba</subfield>
  </datafield>
  <datafield tag="101" ind1="0" ind2=" ">
    <subfield code="a">fre</subfield>
  </datafield>
  <datafield tag="102" ind1=" " ind2=" ">
    <subfield code="a">FR</subfield>
  </datafield>
  <datafield tag="105" ind1=" " ind2=" ">
    <subfield code="a">||||z   00|||</subfield>
  </datafield>
  <datafield tag="181" ind1=" " ind2="0">
    <subfield code="6">01</subfield>
    <subfield code="a">i </subfield>
    <subfield code="b">xxxe  </subfield>
  </datafield>
  <datafield tag="181" ind1=" " ind2=" ">
    <subfield code="6">02</subfield>
    <subfield code="c">txt</subfield>
    <subfield code="2">rdacontent</subfield>
  </datafield>
  <datafield tag="182" ind1=" " ind2="0">
    <subfield code="6">01</subfield>
    <subfield code="a">n</subfield>
  </datafield>
  <datafield tag="182" ind1=" " ind2=" ">
    <subfield code="6">02</subfield>
    <subfield code="c">n</subfield>
    <subfield code="2">rdamedia</subfield>
  </datafield>
  <datafield tag="200" ind1="1" ind2=" ">
    <subfield code="a">Encore plus, partout, tout le temps </subfield>
    <subfield code="b">LIVR</subfield>
    <subfield code="e">suivi de After show</subfield>
  </datafield>
  <datafield tag="214" ind1=" " ind2="0">
    <subfield code="c">Esse que &#xE9;ditions</subfield>
    <subfield code="d">2025</subfield>
  </datafield>
  <datafield tag="214" ind1=" " ind2="3">
    <subfield code="c">Impr. Typolibris</subfield>
  </datafield>
  <datafield tag="214" ind1=" " ind2="0">
    <subfield code="a">Pantin</subfield>
  </datafield>
  <datafield tag="214" ind1=" " ind2="3">
    <subfield code="a">22-Saint-Brieuc cedex 9</subfield>
  </datafield>
  <datafield tag="215" ind1=" " ind2=" ">
    <subfield code="a">1 vol. (208 p.)</subfield>
  </datafield>
  <datafield tag="215" ind1=" " ind2=" ">
    <subfield code="d">19 cm</subfield>
  </datafield>
  <datafield tag="225" ind1="1" ind2=" ">
    <subfield code="a">Une collection dirig&#xE9;e par Mathilde Priolet</subfield>
  </datafield>
  <datafield tag="323" ind1=" " ind2=" ">
    <subfield code="a">ind&#xE9;fini</subfield>
  </datafield>
  <datafield tag="330" ind1=" " ind2=" ">
    <subfield code="a">Encore plus, partout, tout le temps / Le collectif l Avantage du doute investit le terrain de la crise &#xE9;cologique et du patriarcat comme &#xE9;tant deux faces indissociablement li&#xE9;es de la m&#xEA;me catastrophe. Dans cette pi&#xE8;ce on d&#xE9;couvre un gros ours blanc atteint de solastalgie, avec bien s&#xFB;r sa banquise qui fond avec lui, des femmes d&#xE9;vast&#xE9;es et des d&#xE9;esses inqui&#xE9;tantes, un m&#xE9;c&#xE8;ne masculiniste qui s incruste, une c&#xF4;te de bSuf carbonis&#xE9;e, des Sufs bio du Limousin et un arc band&#xE9; &#xE0; bloc, une clameur aussi violente qu harmonieuse et lib&#xE9;ratrice, ou encore une temp&#xEA;te filiale destructrice. Il y a l espace du papotage et l espace des larmes. Tout &#xE7;a en une heure et quelques, sous anthropoc&#xE8;ne, dans des d&#xE9;cors recycl&#xE9;s, des costumes r&#xE9;cup&#xE9;r&#xE9;s, et en pleine conversation avec le public. After show / Une plong&#xE9;e dans la nuit de notre &#xE9;poque pour tenter de produire un peu de lumi&#xE8;re, rire et s &#xE9;mouvoir encore ensemble. Sans promettre d annuler la noirceur et la sid&#xE9;ration qui nous gagnent, le collectif cherche &#xE0; travers le po&#xE8;me, la musique et le rire &#xE0; balayer les figures qui oppressent nos imaginaires. Pour les y aider, les interpr&#xE8;tes du collectif convoquent la multitude dont ils sont faits: doubles fantasques, personnages de l enfance et fant&#xF4;mes qui leur sont chers. Un singe devenu artiste contemporain et &#xE9;g&#xE9;rie des grandes marques de luxe, une journaliste poss&#xE9;d&#xE9;e en direct par son bouffon endiabl&#xE9;, une jeune actrice avec l accent d Aubagne qui revisite la Nuit des Rois de Shakespeare, les fant&#xF4;mes du sociologue Bruno Latour ou de la philosophe Hannah Arendt, et pour finir, la Mort en plein burn-out qui vient nous faire son show. L aventure de L Avantage du doute, collectif de cinq acteurs / actrices ET auteurs / autrices, est depuis 2007 une exp&#xE9;rience r&#xE9;elle du partage de la responsabilit&#xE9; et de la d&#xE9;cision. Pas de chef, pas de directeur de compagnie. Ou, dit autrement, cinq metteur&#xB7;euses en sc&#xE8;ne qui proposent au public un th&#xE9;&#xE2;tre &#xE0; l heure du monde et &#xE0; &#xE9;chelle humaine.</subfield>
  </datafield>
  <datafield tag="610" ind1=" " ind2=" ">
    <subfield code="a">Mort</subfield>
    <subfield code="a">&#xE9;cologie</subfield>
  </datafield>
  <datafield tag="700" ind1=" " ind2=" ">
    <subfield code="a">Collectif L'Avantage du doute</subfield>
  </datafield>
  <datafield tag="700" ind1=" " ind2=" ">
    <subfield code="c">Auteur du texte</subfield>
  </datafield>
  <datafield tag="702" ind1=" " ind2=" ">
    <subfield code="a">Bestel</subfield>
    <subfield code="b">M&#xE9;lanie</subfield>
  </datafield>
  <datafield tag="702" ind1=" " ind2=" ">
    <subfield code="a">Davis</subfield>
    <subfield code="b">Judith</subfield>
  </datafield>
  <datafield tag="702" ind1=" " ind2=" ">
    <subfield code="a">Dumas</subfield>
    <subfield code="b">Claire</subfield>
  </datafield>
  <datafield tag="702" ind1=" " ind2=" ">
    <subfield code="a">Legrand</subfield>
    <subfield code="b">Nadir</subfield>
  </datafield>
  <datafield tag="702" ind1=" " ind2=" ">
    <subfield code="c">Auteur du texte</subfield>
  </datafield>
  <datafield tag="702" ind1=" " ind2=" ">
    <subfield code="c">Auteur du texte</subfield>
  </datafield>
  <datafield tag="702" ind1=" " ind2=" ">
    <subfield code="c">Auteur du texte</subfield>
  </datafield>
  <datafield tag="702" ind1=" " ind2=" ">
    <subfield code="c">Auteur du texte</subfield>
  </datafield>
  <datafield tag="801" ind1=" " ind2="0">
    <subfield code="a">FR</subfield>
    <subfield code="b">FR-751131015</subfield>
    <subfield code="c">20250704</subfield>
    <subfield code="g">AFNOR</subfield>
    <subfield code="h">FRBNF485469640000000</subfield>
  </datafield>
  <datafield tag="856" ind1=" " ind2="2">
    <subfield code="u">1068433</subfield>
    <subfield code="b">Premi&#xE8;re de couverture</subfield>
  </datafield>
  <datafield tag="856" ind1=" " ind2="2">
    <subfield code="u">1068434</subfield>
    <subfield code="b">Quatri&#xE8;me de couverture</subfield>
  </datafield>
  <datafield tag="995" ind1=" " ind2=" ">
    <subfield code="2">0</subfield>
    <subfield code="5">2025-08-27</subfield>
    <subfield code="9">13806</subfield>
    <subfield code="c">JOL</subfield>
    <subfield code="f">JOL-007614</subfield>
    <subfield code="k">TH COLL X</subfield>
    <subfield code="o">0</subfield>
    <subfield code="b">JOL</subfield>
    <subfield code="r">LIVR</subfield>
  </datafield>
</record>
